000
00194nam a2200085 4500
001
1234085
005
20250926113625.0
245
_a
SEVGİLİ PEYGAMBERİM
_c
MUZAFFER AKTÜRK
260
_b
A.G.V/ M.G.V
999
_c
1234085
_d
1234085